000 00667nam a22001577a 4500
005 20250812092829.0
008 250812b |||||||| |||| 00| 0 eng d
050 _aTHE QK 867 .K4 M64 2025
_bC.1
100 _aMoenga, Mercilline Nyamokami
245 _aMacro and Micro Element Composition in Indigenous Solanum nigrum and Gynadropsis gynandra From Two Agroecological Zones of Kisii, Kenya
260 _aKisii
_bKisii University
_c2025
300 _axviii, 93p.:ill.
500 _aIncludes bibliographical references
650 _a1. Solanum nigrum—Kenya. 2. Gynandropsis gynandra—Kenya. 3. Plants—Mineral content. 4. Agroecology—Kenya.
942 _2lcc
_cREF
999 _c216020
_d216020